| 000 | 00470nam a2200181 i 4500 | ||
|---|---|---|---|
| 001 | bgj | ||
| 100 | 1 |
_aBOBROWSKI, Johannes _d(1917-1965) |
|
| 245 | 1 | 0 |
_aLitauische Claviere : _bRoman / _cJohannes Bobrowski. |
| 250 | _a2. Auflage. | ||
| 260 |
_aBerlin : _bUnion Verlag, _c1967. |
||
| 300 |
_a170, [1] S. ; _c20 cm. |
||
| 650 | 9 | _aDeutsche Literatur | |
| 655 | _aRoman | ||
| 040 | _cBPK | ||
| 041 | 0 | _ager | |
| 942 | _cKS | ||
| 008 | s gw f |000 0 ger | ||
| 999 |
_c50593 _d50593 |
||
| 856 |
_uhttp://koha.tu.koszalin.pl/cgi-bin/koha/opac-detail.pl?biblionumber=50593 _yKatalog online BPK |
||